From me to you Originaltext und Music John Lennon und McCartney ; deutscher Text Günter Loose

Hlavní autor: Lennon, John, 1940-1980
Další autoři: Loose, Günter, 1927-, McCartney, Paul, 1942-
Jazyk: Němčina
Angličtina
Vydáno: Wien : Imperial Musikverlag, 1963
Fyzický popis: 1 sv. (nestránkován)
Hudebniny Hudebniny
Uloženo v:
LEADER 00900ncm a22002532a 4500
001 001207231
003 CZ BrMZK
005 20120419110420.0
007 qu
008 120419s1963 au |||||||||||||||||eng d
040 |a BOA001  |b cze 
041 0 |a eng  |a ger 
072 7 |a 784  |x Vokální hudba  |2 Konspekt  |9 9 
100 1 |a Lennon, John,  |d 1940-1980  |7 jn19990004993  |4 cmp  |4 lyr 
245 1 0 |a From me to you  |h [hudebnina] /  |b Originaltext und Music John Lennon und McCartney ; deutscher Text Günter Loose 
260 |a Wien :  |b Imperial Musikverlag,  |c 1963 
300 |a 1 sv. (nestránkován) 
500 |a Zpěv a klavír 
700 1 |a Loose, Günter,  |d 1927-  |7 mzk2010589479  |4 lyr 
700 1 |a McCartney, Paul,  |d 1942-  |7 jn20000603963  |4 cmp  |4 lyr 
910 |a BOA001  |b Mus4-0695.008 
990 |a MU 
991 |b 201204 
996 6 |b 2619088629  |c Mus4-0695.008  |l MZK  |r Sklad / do 1 hodiny  |n 0  |w 001240877  |u 000010  |a 1  |e BOA001  |j MZK50  |s P